Cities of Fresno County on a Map - Statistics

General Stats
  • This quiz has been taken 127 times
  • The average score is 8 of 15
Answers on the Map
Answers color-coded by a green-red scale on the quiz's map according to % correct below.
 
Answer Stats
Answer % Correct
Clovis
98%
Fresno
91%
Sanger
58%
Selma
58%
Kerman
53%
Firebaugh
51%
Reedley
51%
Fowler
47%
Kingsburg
47%
Coalinga
43%
Mendota
43%
Orange Cove
42%
Parlier
42%
San Joaquin
42%
Huron
34%
No matching quizzes found
Score Distribution
Percent of People with Each Score
Percentile by Number Answered
Your Score History
You have not taken this quiz